Alice in Borderland Specialities - Statistics

General Stats
  • This quiz has been taken 894 times
  • The average score is 5 of 24
Answer Stats
Hint Answer % Correct
Ryohei Arisu Heart
94%
Yuzuha Usagi Spade
90%
Shuntaro Chishiya Diamond
82%
Hikari Kuina Spade
70%
Rizuna Ann Diamond
58%
Daikichi Karube Spade
46%
Chota Segawa Club
30%
Saori Shibuki Club
15%
Morizono Aguni Spade
11%
Akane Heiya Spade
8%
Kodai Tatta Club
6%
Suguru Niragi Diamond
3%
Ginji Kyuma Club
1%
Keichii Kuzuryu Diamond
1%
Mira Kano Heart
1%
Hayato Dodo Heart
1%
Sunato Banda Heart
1%
Enji Matsushita Heart
1%
Takeru Danma (Hatter) Spade
1%
Last Boss Spade
1%
Isao Shirabi Spade
1%
Asahi Kujo Club
0%
Momoka Inoue Club
0%
Oki Yaba Heart
0%
No matching quizzes found
Score Distribution
Percent of People with Each Score
Percentile by Number Answered
Your Score History
You have not taken this quiz